| Поле | Название | Значение |
| |
Тип записи |
a |
| |
Библиографический уровень |
m |
| 001 |
Контрольный номер |
RU/SLIB/B/208727609 |
| 005 |
Дата корректировки |
20231201121257.1 |
| 010 |
Индекс ISBN |
__ |
| a |
ISBN |
5-88782-102-7 |
| 010 |
Индекс ISBN |
__ |
| d |
Цена |
11800-00 |
| 101 |
Язык документа |
0_ |
| a |
Язык текста |
eng |
| 200 |
Заглавие и сведения об ответственности |
1_ |
| a |
Заглавие |
British festivals |
| e |
Сведения, относящиеся к заглавию |
пособие для уч. общеобразоват. шк. |
| f |
Первые сведения об ответственности |
авт.-сост.: И. И. Буровой |
| b |
Общее обозначение материала |
Текст |
| 200 |
Заглавие и сведения об ответственности |
1_ |
| d |
Параллельное заглавие |
Праздники Великобритании |
| 210 |
Выходные данные |
1_ |
| a |
Место издания |
СПб. |
| c |
Издательство |
Питер |
| d |
Дата издания |
1996 |
| 215 |
Физическое описание |
__ |
| a |
Объем |
224 с. |
| c |
Иллюстрации/тип воспроизводства |
ил. |
| 225 |
Серия |
2_ |
| a |
Серия |
Just for Pleasure |
| 330 |
Аннотация |
__ |
| a |
Аннотация |
Книга знакомит читателей с традициями праздников, пользующихся особой любовью в Великобритании: Нового года, Дня святого Валентина, Пасхи и Майского дня, 1 апреля и других. Здесь есть все - от исторических сведений до рецептов праздничных блюд, от детских песенок до описаний распространенных народных гаданий. Разная степень сложности текстов позволяет использовать их в качестве учебного пособия для учащихся как средних, так и старших классов. |
| 606 |
Тематические рубрики |
__ |
| a |
Основная рубрика |
Языкознание |
| 606 |
Тематические рубрики |
__ |
| a |
Основная рубрика |
Германские языки |
| 610 |
Ключевые слова |
0_ |
| a |
Ключевые слова |
английский язык |
| 610 |
Ключевые слова |
0_ |
| a |
Ключевые слова |
иностранные языки |
| 610 |
Ключевые слова |
0_ |
| a |
Ключевые слова |
изучение иностранных языков |
| 610 |
Ключевые слова |
0_ |
| a |
Ключевые слова |
изучение английского языка |
| 610 |
Ключевые слова |
0_ |
| a |
Ключевые слова |
праздники |
| 610 |
Ключевые слова |
0_ |
| a |
Ключевые слова |
английские праздники |
| 610 |
Ключевые слова |
0_ |
| a |
Ключевые слова |
английские традиции |
| 610 |
Ключевые слова |
0_ |
| a |
Ключевые слова |
Новый год |
| 610 |
Ключевые слова |
0_ |
| a |
Ключевые слова |
Рождество |
| 610 |
Ключевые слова |
0_ |
| a |
Ключевые слова |
День святого Валентина |
| 610 |
Ключевые слова |
0_ |
| a |
Ключевые слова |
Пасха |
| 610 |
Ключевые слова |
0_ |
| a |
Ключевые слова |
1 апреля |
| 686 |
Индексы других классификаций |
__ |
| a |
Классификационный индекс |
81.432.1я721 |
| 801 |
Источник записи |
_0 |
| a |
Страна |
RU |
| b |
Организация |
Муниципальное бюджетное учреждение культуры "Централизованная библиотечная система" г. Сургут (Центральная городская библиотека им. А. С. Пушкина) |
| g |
Правила каталогизации |
ОИЛ/Рутковская |
| 801 |
Источник записи |
_1 |
| a |
Страна |
RU |
| b |
Организация |
Муниципальное бюджетное учреждение культуры "Централизованная библиотечная система" г. Сургут (Центральная городская библиотека им. А. С. Пушкина) |
| g |
Правила каталогизации |
ОИЛ/Рутковская |
| 852 |
Данные о местонахождении |
__ |
| j |
Шифр хранения |
81.432.1я721 |
| c |
Каталожный индекс |
81.2Англ-922 |
| i |
Авторский знак |
B 86 |
| p |
Инвентарный номер |
60822 |
| 901 |
Тип документа |
__ |
| t |
Тип документа |
m |
| 903 |
Характеристики (МАРС) |
__ |
| a |
Дата передачи |
20020723 |
| 969 |
Тип издания |
__ |
| a |
Тип издания |
пособие |
| 990 |
Данные о заказе (DOS) |
__ |
| j |
Количество экземпляров (DOS) |
1 |
| t |
N записи в КСУ для И/У (DOS) |
199701 |